00214nam a2200073Ia 4500008004100000100001400041245005100055260003400106190216s9999||||xx |||||||||||||| ||und|| aMinayer L 0aOrganic And Principles Of Scientific Socialism b"Progress Publishers, Moscow"